Guess the character - Funko POP edition - Statistics

General Stats
  • This quiz has been taken 11 times
  • The average score is 20 of 52
Answer Stats
Picture Answer % Correct
Monkey D Luffy
100%
Nami
100%
Zoro
100%
Vinsmoke Sanji
78%
Chopper
67%
Shanks
67%
Usopp
67%
Arlong
56%
Brook
56%
Franky
56%
Jinbe
56%
Nico Robin
56%
Crocodile
44%
Donquixote Doflamingo
44%
Dracule Mihawk
44%
Eustass Kid
44%
Koby
44%
Portgas D Ace
44%
Trafalgar Law
44%
Vivi and Karoo
44%
Boa Hancock
33%
Carrot
33%
Edward Newgate
33%
Ivankov
33%
Marshall D Teach
33%
Monkey D Dragon
33%
Monkey D Garp
33%
Sabo
33%
Smoker
33%
Sugar
33%
Yamato
33%
Aokiji
22%
Bartholomew Kuma
22%
Bepo
22%
Charlotte Katakuri
22%
Charlotte Linlin
22%
Donquixote Rosinante
22%
Foxy
22%
Gol D Roger
22%
Kaido
22%
Killer
22%
Kizaru
22%
Kozuki Oden
22%
Rob Lucci
22%
Silvers Rayleigh
22%
Sogeking
22%
Vegapunk
22%
Vinsmoke Reiju
22%
Caesar Clown
11%
Edison
11%
Lilith
11%
Saint Saturn
11%
No matching quizzes found
Score Distribution
Percent of People with Each Score
Percentile by Number Answered
Your Score History
You have not taken this quiz